Digital principles and applications /

Bibliographic Details
Main Author: Malvino, Albert Paul
Other Authors: Leach, Donald P.
Format: Book
Language:English
Published: New York : McGraw-Hill, 1968
Subjects:

MARC

Tag First Indicator Second Indicator Subfields
LEADER 00000cam a22000001 4500
001 in00000096897
005 20150925090552.0
008 690210c19681969nyua b 00110 eng
010 |a  68031663  
035 |a (OCoLC)00421363 
035 |9 AAL2611AM 
040 |a DLC  |c DLC  |d TXA  |d UtOrBLW 
049 |a TXAM  |c [801899] 
050 0 0 |a TK7888.3  |b .M34 
082 0 |a 621.3819/58 
100 1 |a Malvino, Albert Paul. 
245 1 0 |a Digital principles and applications /  |c [by Albert Paul Malvino and Donald P. Leach. 
264 1 |a New York :  |b McGraw-Hill,  |c 1968 
264 4 |c ©1969 
300 |a ix, 433 pages :  |b illustrations ;  |c 23 cm. 
336 |a text  |b txt  |2 rdacontent 
337 |a unmediated  |b n  |2 rdamedia 
338 |a volume  |b nc  |2 rdacarrier 
504 |a Bibliography: page 417. 
650 0 |a Electronic digital computers  |x Circuits. 
700 1 |a Leach, Donald P. 
999 |a MARS 
999 f f |s 19ccbdf0-c0f8-3c57-98b6-891949411f34  |i abeac006-11af-36b4-b12e-57dc34d99303  |t 0 
952 f f |p normal  |a Texas A&M University  |b College Station  |c Sterling C. Evans Library  |d Evans: Library Stacks  |t 0  |e TK7888.3 .M34  |h Library of Congress classification  |i unmediated -- volume  |m A14805512318 
998 f f |a TK7888.3 .M34  |t 0  |l Evans: Library Stacks